000 01051cam a22003014a 4500
001 16943015
003 ARRUPE
005 20150804020014.0
008 110901s2012 nyua b 001 0 eng
010 _a 2011036464
020 _a9781847062802 (hardcover : alk. paper)
020 _a9781847062819 (pbk. : alk. paper)
020 _a9781441174789 (pdf)
020 _a9781441118981 (epub)
040 _aDLC
_cDLC
_dDLC
050 0 0 _aB2430.M3764
_bM67 2012
082 0 0 _a194
_223
100 1 _aMorris, Katherine J.
_95607
245 1 0 _aStarting with Merleau-Ponty /
_cKatherine J. Morris.
260 _aLondon ;
_aNew York, NY :
_bContinuum,
_cc2012.
300 _axviii, 192 p. :
_bill. ;
_c22 cm.
490 0 _aStarting with--
504 _aIncludes bibliographical references (p. [150]-184 ) and index.
600 1 0 _aMerleau-Ponty, Maurice,
_d1908-1961.
_95608
906 _a7
_bcbc
_corignew
_d1
_eecip
_f20
_gy-gencatlg
942 _2lcc
_cMONOGRAPH
_02
999 _c119235
_d119235